Krátka správa o dlhej trase osamelého bežca poézia Ivana Štrpku

Bibliographic Details
Main Author: Rédey, Zoltán, 1968- (Author)
Format: Book
Language:Slovak
PhysicalDescription:263 strán 20 cm
Published: Levoča Modrý Peter 2019
ISBN:9788089545759
Edition:Prvé vydanie
Series:Sivá brada
Subjects:

MARC

LEADER 00000cam a2200000 4500
001 vtls011845704
003 SK-MaSNL
005 20260302022112.0
008 210624s2019 xo frn 000 0dslo
015 |a SNBA2019/03 
020 |a 9788089545759  |q (brožované) 
035 |a BA4BF649-0B7A-4C34-AA6F-C88C381D4EC3 
035 |a urn:nbn:sk:snk-am3ie7o 
035 |a urn:nbn:sk:snk-am00e6nx 
040 |a SNK  |b slo  |c SNK  |e rda 
041 0 |a slo 
044 |a xo  |c SK 
072 7 |a 821.162.4.09  |x Slovenská literatúra (o nej)  |2 konspekt 
080 |a 821.162.4-1  |2 2011 
080 |a 82-1-028.77  |2 2011 
080 |a 7.038.532  |2 2011 
080 |a (048.8)  |2 2011 
100 1 |a Rédey, Zoltán,  |d 1968-  |4 aut  |9 103761 
245 1 0 |a Krátka správa o dlhej trase osamelého bežca  |b poézia Ivana Štrpku  |c Zoltán Rédey 
246 3 0 |a Poézia Ivana Štrpku 
250 |a Prvé vydanie 
264 1 |a Levoča  |b Modrý Peter  |c 2019 
300 |a 263 strán  |c 20 cm 
336 |a text  |b txt  |2 rdacontent 
337 |a bez média  |b n  |2 rdamedia 
338 |a zväzok  |b nc  |2 rdacarrier 
366 |e 400 kusov 
490 1 |a Sivá brada  |v 32. zv. 
500 |a Obsahuje poznámky pod čiarou 
500 |a Obsahuje biografické údaje o autorovi na prebale knihy 
504 |a Obsahuje bibliografiu na strane 257-260 ; pramene 225-256 ; edičnú poznámku ; bibliografické odkazy 
600 1 7 |a Štrpka, Ivan,  |d 1944-  |2 SNKMA  |9 101961 
650 0 7 |a slovenská poézia  |2 SNKPH  |9 215422 
650 0 7 |a experimentálna poézia  |2 SNKPH  |9 75624 
650 0 7 |a konkrétna poézia  |2 SNKPH  |9 154548 
650 0 7 |a Slovak poetry  |2 SNKPHeng  |9 309303 
650 0 7 |a Experimental poetry  |2 SNKPHeng  |9 429066 
650 0 7 |a Concrete poetry  |2 SNKPHeng  |9 667195 
655 7 |a štúdie  |2 SNKPH  |9 57033 
655 7 |a Studies  |2 SNKPHeng  |9 265573 
830 0 |a Sivá brada  |9 350687 
919 |a 978-80-89545-75-9 
958 |a NB 
958 |a LX 
999 |c 1031508  |d 1033438 
952 |a SNK  |b SNK  |y PREZ  |7 0  |p 17A1361246  |o snkSD 88052  |i snk2019/6889  |8 0  |0 0  |1 0  |4 0  |d 2019-03-13  |f 1  |l 0  |r 2026-02-24 13:56:28  |w 2026-02-24 
952 |a SNK  |b SNK  |y VYP  |7 0  |p 17A1361247  |o snkSD 88052 D1  |i snk2019/6890  |8 0  |0 0  |1 0  |4 0  |d 2019-03-13  |l 0  |r 2026-02-24 13:56:28  |w 2026-02-24